| 000 | 00826cam a2200181 4500 | ||
|---|---|---|---|
| 001 | WS122906 | ||
| 008 | 030702n 000 0 eng u | ||
| 035 | _a(Sirsi) u122906 | ||
| 110 |
_aForum for the Future _94135 |
||
| 245 |
_aForum for the Future _h[electronic resource] |
||
| 520 | _aWeb site for this organisation which aims to 'accelerate the building of a sustainable way of life, taking a positive, solutions orientated approach'. Includes a definition of sustainable development, a history of the organisation and details of publications. | ||
| 650 | _aSUSTAINABLE DEVELOPMENT | ||
| 650 |
_aSustainability _96271 |
||
| 650 | _aORGANISATION | ||
| 690 | _aENVIRONMENTAL AND LAND CONSULTANCY | ||
| 856 | 4 | 0 |
_uhttps://www.forumforthefuture.org/ _zView the website free of charge at www.forumforthefuture.org |
| 942 | _n0 | ||
| 999 |
_c120309 _d120309 |
||